Agricultural policies in emerging and transition economies 1999

Salvato in:
Dettagli Bibliografici
Natura: Libro
Lingua:inglese
Pubblicazione: Paris OECD 1999
Soggetti:
Tags: Aggiungi Tag
Nessun Tag, puoi essere il primo ad aggiungerne!!

MARC

LEADER 00000nam a2200000 4500
001 c117816
005 20251216123245.2
020 |a 92-64-17058-8 
041 0 |a eng 
044 |a FR 
245 1 0 |a Agricultural policies in emerging and transition economies 1999 
264 1 |a Paris  |b OECD  |c 1999 
300 |a 302 s. 
610 2 0 |a politika poľnohospodárska 
610 2 0 |a krajiny rozvojové 
610 2 0 |a reformy hospodárske 
610 2 0 |a reformy poľnohospodárske 
610 2 0 |a potraviny